000 00709nam a2200289Ia 4500
005 20260324113453.0
008 008 260324s9999 xx 000 0 eng d
020 _a9781003159315
037 _aEBOOK
040 _aCRL
040 _beng
040 _cCRL
041 _2eng
041 _aeng
084 _qCRL
100 _aSachin Ketkar; Keerti Ramachandra
_91146900
245 0 _aVyankatesh Madgulkar
245 2 _bA Villageful of Stories and a Forestful of Tales
260 _bTaylor and Francis
260 _c2023
365 _a
365 _b70.99
856 _uhttp://www.taylorfrancis.com/books/9781003159315
942 _cEBOOK
999 _c1736570
_d1736570